| 000 | 01135cam a22002174a 4500 | ||
|---|---|---|---|
| 005 | 20250605164007.0 | ||
| 008 | 250528s ||||||||||||||||||||||||d | ||
| 035 | _a15830 | ||
| 020 | _a898628504 | ||
| 040 |
_aGR-AtMCL _bgre _dGR-AtMCL _eAACR2 |
||
| 245 | 1 | _aEating Disorders and Obesity / A Comprehensive Handbook | |
| 260 |
_bThe Guilford Press, _c1995 |
||
| 300 | _a586 | ||
| 520 | _aThis handbook presents and integrates virtually all that is currently known about eating disorders and obesity in one authoritative, accessible, and eminently practical volume. Regulation of Eating and Weight, Dieting and Body Image, Measurement, Classification and Clinical Characteristics and History of Eating Disorders, Epidemiology and Etiology and Course of Eating Disorders, Physiological and Medical Aspects of Eating Disorders, Treatment of Eating Disorders, Scope and Consequences and Physiology of Obesity, Assessment and Treatment of Obesity, Index. | ||
| 700 | 1 |
_aBrownell Kelly D _91835 |
|
| 700 | 1 |
_aFairburn Christopher G _91836 |
|
| 700 | 1 |
_aGarfinkel Paul E _91837 |
|
| 942 | _cBK | ||
| 999 |
_c1380 _d1380 |
||